The Heathers Quiz - Statistics

General Stats
  • This quiz has been taken 470 times
  • The average score is 9 of 16
Answer Stats
Hint Answer % Correct
Who is the main character? Veronica Sawyer
94%
Who dies first in the movie? Heather Chandler
93%
What is JD's full name? Jason Dean
84%
What is Martha Dunnstock's cruel nickname? Martha Dumptruck
80%
Which Heather takes over Heather Chandler's spot as queen bee? Heather Duke
69%
What are the jocks' names? Kurt and Ram
63%
Which Heather is a cheerleader? Heather McNamara
62%
What year did Heathers come out? 1989
60%
What game are the Heathers and Veronica playing at the beginning? croquet
56%
What school do the characters attend? Westerburg High School
52%
Who plays Veronica Sawyer? Winona Ryder
51%
Who plays JD? Christian Slater
38%
What does Veronica burn her hand with? a cigarette
37%
Who is Veronica's old friend? Betty Finn
16%
Where is the frat party Veronica and Heather go to? Remington University
9%
What body part of JD's does Veronica shoot off? his middle finger
7%
No matching quizzes found
Score Distribution
Percent of People with Each Score
Percentile by Number Answered
Your Score History
You have not taken this quiz